| 000 | 00432nam a22001697a 4500 | ||
|---|---|---|---|
| 003 | OSt | ||
| 008 | 250818b |||||||| |||| 00| 0 eng d | ||
| 020 | _a9789357056137 | ||
| 082 | _a332.1 RAB | ||
| 100 | _aRAY, Saptarshi and NAYAK, Sayanee | ||
| 245 | _aBanking and Insurance | ||
| 250 | _a1st. ed., | ||
| 260 |
_aNoida, _bPearson Education India Pvt. Ltd., _c2024, |
||
| 300 | _a172 p. | ||
| 650 | _aCommerce | ||
| 942 |
_2ddc _cBK |
||
| 999 |
_c13701 _d13701 |
||